| 000 | 00552 a2200145 4500 | ||
|---|---|---|---|
| 999 |
_c438 _d438 |
||
| 008 | 221229b ||||| |||| 00| 0 eng d | ||
| 020 | _a1856092577 | ||
| 082 | 0 | 0 |
_a623.824 _bS5789 |
| 110 |
_95060 _aSociety of International Gas Tanker and Terminal Operators |
||
| 245 | _aCrew safety standards and training for large LNG carriers: essential best practices for the industry / | ||
| 260 |
_aScotland: _bWitherby Seamanship International Ltd., _c2009. |
||
| 300 | _aiv, 44 p. | ||
| 650 | 0 | _aLiquefied gases--Transportation--Safety measures | |
| 942 |
_2ddc _cBK |
||